| 000 | 01344cam a2200361 i 4500 | ||
|---|---|---|---|
| 999 |
_c29191 _d29162 |
||
| 001 | 18057139 | ||
| 003 | EG-ScBUE | ||
| 005 | 20210615102225.0 | ||
| 008 | 140304t2014 dcuab f b 000 0 eng d | ||
| 020 | _a9780896298460 (pbk.) | ||
| 035 | _a(DNAL)1165481 | ||
| 040 |
_aDNAL/DLC _beng _erda _cDNAL _dDLC _dEG-ScBUE |
||
| 043 | _af------ | ||
| 082 | 0 | 4 |
_a338.1096 _bATL _222 |
| 245 | 0 | 0 |
_aAtlas of African agriculture research & development : _brevealing agriculture's place in Africa / _cedited by Kate Sebastian. |
| 264 | 1 |
_aWashington, DC : _bInternational Food Policy Research Institute, _c[2014] |
|
| 264 | 4 | _cc2014 | |
| 300 |
_axiii, 90 pages : _bcolor illustrations, color maps ; _c28 cm |
||
| 336 |
_atext _2rdacontent _btxt |
||
| 337 |
_aunmediated _2rdamedia _bn |
||
| 338 |
_avolume _2rdacarrier _bnc |
||
| 504 | _aIncludes bibliographical references. | ||
| 650 | 7 |
_aAgriculture _xEconomic aspects _zAfrica. _2BUEsh |
|
| 650 | 7 |
_aAgriculture _xResearch _zAfrica. _2BUEsh |
|
| 650 | 7 |
_aGeospatial data _zAfrica. _2BUEsh |
|
| 653 |
_bBUSECO _cJune2021 |
||
| 655 |
_vReading book _934232 |
||
| 700 | 1 |
_aSebastian, Katherine L., _eeditor. |
|
| 710 | 2 | _aInternational Food Policy Research Institute. | |
| 906 |
_a7 _bcbc _corignew _d1 _eecip _f20 _gy-gencatlg |
||
| 942 |
_2ddc _cBB |
||